La Liga Top Scorer Except Messi and CR7 - Statistics

General Stats
  • This quiz has been taken 154 times
  • The average score is 11 of 13
Answer Stats
Season Player Goals Country Club % Correct
15/16 (1) Luis Suarez 40G Uruguay FC Barcelona
98%
16/17 (2) Luis Suarez 28G Uruguay FC Barcelona
98%
17/18 (3) Luis Suarez 25G Uruguay FC Barcelona
98%
14/15 (3) Neymar 22G Brazil FC Barcelona
98%
18/19 (2) Karim Benzema 21G France Real Madrid
97%
19/20 (2) Karim Benzema 21G France Real Madrid
97%
20/21 (2) Karim Benzema 23G France Real Madrid
97%
Antoine Griezmann 22G France Atletico Madrid
95%
09/10 (2) Gonzalo Higuaín 27G Argentina Real Madrid
83%
11/12 (3) Radamel Falcao 24G Colombia Atletico Madrid
82%
12/13 (3) Radamel Falcao 27G Colombia Atletico Madrid
82%
13/14 (3) Diego Costa 27G Spain Atletico Madrid
64%
10/11 (3) Álvaro Negredo 20G Spain Sevilla FC
26%
No matching quizzes found
Score Distribution
Percent of People with Each Score
Percentile by Number Answered
Your Score History
You have not taken this quiz